| 000 | 00571nam a2200181 i 4500 | ||
|---|---|---|---|
| 001 | 108582 | ||
| 003 | ES-MaACL | ||
| 005 | 20230906184652.0 | ||
| 007 | t| | ||
| 008 | 061121s1919 fr r ||||1| fre d | ||
| 100 | 1 |
_aMontessori, María. _982611 |
|
| 245 | 1 | 0 |
_aMéthode Dr. María Montessori _b: Pédagogie scientifique : La maison des enfants / _cpréface de M. Paul Lapie. |
| 260 |
_aParis : _bLarousse, _c[1919] |
||
| 300 |
_aVI, 224 p. 16 lám. ; _c28 cm. |
||
| 650 | 0 | 4 |
_aMétodo Montessori. _915020 |
| 700 | 1 |
_aLapie, Paul. _970152 |
|
| 852 |
_aES-MaACL _jG-3320 |
||
| 999 |
_c108582 _d108582 |
||